Start with why : (Record no. 5982)
[ view plain ]
| 000 -LEADER | |
|---|---|
| fixed length control field | 03075cam a2200313 a 4500 |
| 001 - CONTROL NUMBER | |
| control field | 5982 |
| 003 - CONTROL NUMBER IDENTIFIER | |
| control field | FISKH |
| 005 - DATE AND TIME OF LATEST TRANSACTION | |
| control field | 20250408161224.0 |
| 008 - FIXED-LENGTH DATA ELEMENTS--GENERAL INFORMATION | |
| fixed length control field | 090603s2009 nyua b 001 0 eng |
| 010 ## - LIBRARY OF CONGRESS CONTROL NUMBER | |
| LC control number | 2009021862 |
| 020 ## - INTERNATIONAL STANDARD BOOK NUMBER | |
| International Standard Book Number | 9781591842804 |
| 020 ## - INTERNATIONAL STANDARD BOOK NUMBER | |
| International Standard Book Number | 9780241958223 |
| Terms of availability | $18.50 |
| 020 ## - INTERNATIONAL STANDARD BOOK NUMBER | |
| International Standard Book Number | 1591842808 |
| 040 ## - CATALOGING SOURCE | |
| Original cataloging agency | DLC |
| Transcribing agency | DLC |
| Modifying agency | BTCTA |
| -- | C#P |
| -- | VP@ |
| -- | DLC |
| Language of cataloging | eng |
| 050 ## - LIBRARY OF CONGRESS CALL NUMBER | |
| Classification number | HD57 .S549 |
| 082 ## - DEWEY DECIMAL CLASSIFICATION NUMBER | |
| Classification number | 658.4 |
| 100 1# - MAIN ENTRY--PERSONAL NAME | |
| Personal name | Sinek, Simon. |
| 245 10 - TITLE STATEMENT | |
| Title | Start with why : |
| Remainder of title | how great leaders inspire everyone to take action / |
| Statement of responsibility, etc. | Simon Sinek. |
| 260 ## - PUBLICATION, DISTRIBUTION, ETC. | |
| Place of publication, distribution, etc. | New York : |
| Name of publisher, distributor, etc. | Portfolio, |
| Date of publication, distribution, etc. | 2009. |
| 300 ## - PHYSICAL DESCRIPTION | |
| Extent | 246 pages : |
| Dimensions | 20 cm |
| 504 ## - BIBLIOGRAPHY, ETC. NOTE | |
| Bibliography, etc. note | Includes bibliographical references and index. |
| 505 0# - FORMATTED CONTENTS NOTE | |
| Formatted contents note | Assume you know -- Carrots and sticks -- The golden circle -- This is not opinion, this is biology -- Clarity, discipline, and consistency -- The emergence of trust -- How a tipping point tips -- Start with why, but know how -- Know why. Know how. Then what? -- Communication is not about speaking, it's about listening -- When why goes fuzzy -- Split happens -- The origins of a why -- The new competition. |
| 520 ## - SUMMARY, ETC. | |
| Summary, etc. | Why are some people and organizations more innovative, more influential, and more profitable than others? Why do some command greater loyalty from customers and employees alike? Even among the successful, why are so few able to repeat their successes over and over?<br/><br/>People like Martin Luther King Jr., Steve Jobs, and the Wright Brothers might have little in com- mon, but they all started with why. Their natural ability to start with why enabled them to inspire those around them and to achieve remarkable things.<br/><br/>In studying the leaders who've had the greatest influence in the world, Simon Sinek discovered that they all think, act, and communicate in the exact same way�and it's the complete opposite of what everyone else does. Sinek calls this powerful idea The Golden Circle, and it provides a framework upon which organizations can be built, movements can be led, and people can be inspired. And it all starts with WHY.<br/><br/>Any organization can explain what it does; some can explain how they do it; but very few can clearly articulate why. WHY is not money or profitthose are always results. Why does your organization exist? Why does it do the things it does? Why do customers really buy from one company or another? Why are people loyal to some leaders, but not others?<br/><br/>Starting with WHY works in big business and small business, in the nonprofit world and in politics.<br/><br/>Those who start with WHY never manipulate, they inspire. And people follow them not because they have to; they follow because they want to.<br/><br/>Drawing on a wide range of real-life stories, Sinek weaves together a clear vision of what it truly takes to lead and inspire. This book is for anyone who wants to inspire others or who wants to find someone to inspire them.<br/> |
| 650 #0 - SUBJECT ADDED ENTRY--TOPICAL TERM | |
| Topical term or geographic name entry element | Leadership. |
| Source of heading or term | Personal Development |
| 650 #0 - SUBJECT ADDED ENTRY--TOPICAL TERM | |
| Source of heading or term | Inspiration |
| Form subdivision | Non-fiction |
| 906 ## - LOCAL DATA ELEMENT F, LDF (RLIN) | |
| a | 7 |
| b | cbc |
| c | orignew |
| d | 1 |
| e | ecip |
| f | 20 |
| g | y-gencatlg |
| 942 ## - ADDED ENTRY ELEMENTS (KOHA) | |
| Source of classification or shelving scheme | Dewey Decimal Classification |
| Koha item type | Books |
| Suppress in OPAC | No |
| Withdrawn status | Lost status | Source of classification or shelving scheme | Damaged status | Not for loan | Collection | Home library | Current library | Shelving location | Date acquired | Total Checkouts | Full call number | Barcode | Date last seen | Date last checked out | Copy number | Price effective from | Koha item type |
|---|---|---|---|---|---|---|---|---|---|---|---|---|---|---|---|---|---|
| Dewey Decimal Classification | Non-Fiction | Footprints International School Library Network Toul Kork Campus | Footprints International School Library Network Toul Kork Campus | A TK Campus, 4th Floor, Room B401, Non-Fiction Bookcases(7-8) | 02/18/2025 | 3 | SIN 658.4 HD57 .S549 | 2025-0599 | 07/16/2025 | 06/30/2025 | 1 | 02/18/2025 | Books | ||||
| Dewey Decimal Classification | Non-Fiction | Footprints International School Library Network Toul Tom Poung Campus | Footprints International School Library Network Toul Tom Poung Campus | TTP Secondary Non-Fiction Bookshelves | 02/18/2025 | 5 | SIN 658.4 HD57 .S549 | 2025-0598 | 02/23/2026 | 01/22/2026 | 2 | 02/18/2025 | Books |
